Μεταμαθηματικά : τα μυστικά του αριθμού Ω

Αποθηκεύτηκε σε:
Λεπτομέρειες βιβλιογραφικής εγγραφής
Κύριος συγγραφέας: Chaitin, Gregory J.
Μορφή: Βιβλίο
Γλώσσα:Greek
English
Δημοσίευση: Αθήνα : Τραυλός, c2007.
Θέματα:
Ετικέτες: Προσθήκη ετικέτας
Δεν υπάρχουν, Καταχωρήστε ετικέτα πρώτοι!

MARC

LEADER 00000cam a2200000 i 4500
001 1/77261
008 080312s2007 gr | ||| |||| ||gre||
020 |a 9789606640308 
035 |l 10095386 
040 |a GR-MyUa  |b gre  |e AACR2 
041 1 |a gre  |h eng 
082 7 |a 510   |2 (22) 
100 1 |a Chaitin, Gregory J. 
245 1 0 |a Μεταμαθηματικά :   |b τα μυστικά του αριθμού Ω /   |c Gregory Chaitin ; μετάφραση: Τεύκρος Μιχαηλίδης. 
260 |a Αθήνα :   |b Τραυλός,   |c c2007.  
300 |a 300 σ. :   |b εικ. ;   |c 21 εκ. 
500 |a Μετάφραση του: Meta math! The quest for omega. 
504 |a Βιβλιογραφία: σ. 274-276. Ευρετήριο. 
650 0 |a Machine theory. 
650 0 |a Computational complexity. 
650 0 |a Stochastic processes. 
852 |a INST  |b RHODES  |e 20190801  |h 510 CHA  |p 005400041050  |q 005400041050  |t BK  |y 0 
852 |a INST  |b SAMOS  |e 20080526  |h 510 CHA  |p 005300030318  |q 005300030318  |t BK  |y 0 
852 |a INST  |b SYROS  |e 20080312  |h 510 CHA  |p 005500006369  |q 005500006369  |t BK  |y 0 
901 |a BIBL3-2008-2 
901 |a BIBL5-2008-1 
922 |a 3ΕΛΗ  |b 200711  |c ΕΠΕΑΕΚ2/Τμήμα Μαθηματικών  |d Πατάκης 
922 |a 5ΕΛΗ  |b 200709  |c Βιβλιοθήκη Σύρου  |d Glory Book 
970 |a Καγιαβά  |b Ειρήνη  |z 12/03/2008